MARC details
| 000 -LEADER |
| fixed length control field |
01504cas a2200373 a 4500 |
| 001 - CONTROL NUMBER |
| control field |
15376513 |
| 003 - CONTROL NUMBER IDENTIFIER |
| control field |
OSt |
| 005 - DATE AND TIME OF LATEST TRANSACTION |
| control field |
20221113023915.0 |
| 008 - FIXED-LENGTH DATA ELEMENTS--GENERAL INFORMATION |
| fixed length control field |
071218t2007 gw ab f 0 b0eng d |
| 020 ## - INTERNATIONAL STANDARD BOOK NUMBER |
| International Standard Book Number |
9783791338316(Trade edition) |
| 020 ## - INTERNATIONAL STANDARD BOOK NUMBER |
| International Standard Book Number |
9783791361215(Museum edition) |
| 035 ## - SYSTEM CONTROL NUMBER |
| System control number |
(OCoLC)ocn184843687 |
| 040 ## - CATALOGING SOURCE |
| Original cataloging agency |
CMalG |
| Language of cataloging |
eng |
| Description conventions |
rda |
| Transcribing agency |
CMalG |
| Modifying agency |
CMalG |
| -- |
PU |
| -- |
DLC |
| -- |
EG-ScBUE |
| 041 0# - LANGUAGE CODE |
| Language code of text/sound track or separate title |
eng |
| -- |
ger |
| 043 ## - GEOGRAPHIC AREA CODE |
| Geographic area code |
e-gx--- |
| 082 04 - DEWEY DECIMAL CLASSIFICATION NUMBER |
| Edition number |
22 |
| Classification number |
720.94305 |
| Item number |
DEU |
| 245 00 - TITLE STATEMENT |
| Title |
Deutsches architektur jahrbuch = |
| Remainder of title |
German architecture annual. |
| 246 31 - VARYING FORM OF TITLE |
| Title proper/short title |
German architecture annual |
| 264 #1 - PUBLICATION, DISTRIBUTION, ETC. (IMPRINT) |
| Place of publication, distribution, etc |
Frankfurt am Main ; |
| Name of publisher, distributor, etc |
Deutsches Architekturmuseum ; |
| Place of publication, distribution, etc |
München ; |
| -- |
New York : |
| Name of publisher, distributor, etc |
Prestel, |
| Date of publication, distribution, etc |
[2007] |
| 264 #4 - PUBLICATION, DISTRIBUTION, ETC. (IMPRINT) |
| Date of publication, distribution, etc |
c2007 |
| 300 ## - PHYSICAL DESCRIPTION |
| Extent |
200 pages : |
| Other physical details |
illustrations (some color), maps (some color) ; |
| Dimensions |
28 cm |
| 500 ## - GENERAL NOTE |
| General note |
Includes annual report of the Deutsches Architekturmuseum. |
| 546 ## - LANGUAGE NOTE |
| Language note |
Text in English and German. |
| 550 ## - ISSUING BODY NOTE |
| Issuing body note |
Issued on behalf of the Dezernat für Kultur und Wissenschaft, Kulturamt der Stadt Frankfurt am Main. |
| 650 #7 - SUBJECT ADDED ENTRY--TOPICAL TERM |
| Topical term or geographic name as entry element |
Architecture |
| Geographic subdivision |
Germany |
| General subdivision |
History |
| Chronological subdivision |
21st century |
| Form subdivision |
Periodicals. |
| Source of heading or term |
BUEsh |
| 653 ## - INDEX TERM--UNCONTROLLED |
| Resource For college |
Engineering, Architecture |
| 655 ## - INDEX TERM--GENRE/FORM |
| Form subdivision |
Reading book |
| 9 (RLIN) |
34232 |
| 780 00 - PRECEDING ENTRY |
| Title |
DAM Jahrbuch |
| International Standard Serial Number |
1611-1370 |
| Record control number |
(DLC) 2003229961 |
| -- |
(OCoLC)51644901 |
| 942 ## - ADDED ENTRY ELEMENTS (KOHA) |
| Source of classification or shelving scheme |
Dewey Decimal Classification |
| Koha item type |
Book - Borrowing |